000 01608nam0a22003251 4500
001 v19\rc\1945807
005 20260405224230.0
035 _a(NLR Aleph) 005271525
090 _a6004661
_c6004661
100 _a20080428d1913 |||y0rusy50 ca
101 1 _arus
_cger
102 _aRU
105 _ay z |||||
200 1 _aГраф Люксембург
_eОперетта-миниатюра в 1 д.
_e[Либретто А.М. Вильнера и Р. Боданцкого]
_fПер. и перед. с нем.
_gМ.Н. Брошель и А.О. К-в
_gМуз. Ф. Легара
210 _aСанкт-Петербург
_cСтолич. театр. изд-во новейш. драм. произведений
_d1913
215 _a20 с.
_d29
225 1 _aТеатральные новинки
309 _aНапеч. на пиш. маш. Литогр.
702 1 _aВильнер
_bА.М.
_gАльфред Мария
_4570
702 1 _4570
_8rus
_7ca
_aБоданцкий
_bР.
_f1879-1923
_gРоберт
_3RU\NLR\AUTH\7798135
_981061
702 1 _4730
_8rus
_7ca
_aБрошель
_bМ. Н.
_f1870-1917
_gМихаил Николаевич
_3RU\NLR\AUTH\77101941
_984867
702 1 _4730
_8rus
_7ca
_aК-в
_bА. О.
_cпсевдоним, переводчик
_f19 в.
_3RU\NLR\AUTH\77102340
_985266
702 1 _4230
_8rus
_7ca
_aЛегар
_bФ.
_f1870-1948
_gФранц
_3RU\NLR\AUTH\7798123
_981049
801 0 _aRU
_bNLR
_c20080428
_gpsbo
801 0 _aRU
_bRuMoRGB
_c20080428
_2psbo
801 1 _aRU
_bProSoft-M
_c20080428
_2rusmarc
801 2 _aRU
_bNLR
_c20110817
_2rusmarc
852 _aNLR
_j37.53.3.256
942 _cBOOK
980 _aNB